Žijú to, čo maľujú Deti a záujmová výtvarná činnosť

Bibliographic Details
Main Author: Tkáč, Štefan, 1931-1989 (Author)
Format: Article
Language:Slovak
Subjects:

MARC

LEADER 00000nab a2200000 a 4500
001 vtls000044800
003 SK-MaSNL
005 20260303023240.0
008 111103c1979 xo 0 slo
015 |a SNBRB19rr/mm-uuuuu 
035 |a CL0054895 
040 |a SNKBUCL  |b slo  |c SNKBUCL  |e AACR2 
041 0 |a slo 
044 |a xo  |c SK 
080 |a 374  |2 1981 
080 |a 73/76  |2 1981 
100 1 |a Tkáč, Štefan,  |d 1931-1989  |4 aut  |9 38979 
245 1 0 |a Žijú to, čo maľujú  |b Deti a záujmová výtvarná činnosť  |c Štefan Tkáč 
650 0 7 |a deti  |2 snkbucl  |9 773 
650 0 7 |a výtvarná výchova  |2 snkbucl  |9 2777 
655 7 |a články z novín a časopisov  |2 snkbucl  |9 267496 
773 0 |t Práca  |g Roč. 34, č. 272 (17. 11. 1979), s. 6 
850 |a Slovenská národná knižnica v Martine  |a MTA001 
852 |a SNK  |b KIS3GCP 
958 |a RK 
992 |a RBX 
999 |c 1633421  |d 1635351